Rural Women: an Annotated bibliography prepared (Record no. 6251)
[ view plain ]
| 000 -LEADER | |
|---|---|
| fixed length control field | 00464nam a2200109Ia 4500 |
| 008 - FIXED-LENGTH DATA ELEMENTS--GENERAL INFORMATION | |
| fixed length control field | 180412s9999||||xx |||||||||||||| ||und|| |
| 040 ## - CATALOGING SOURCE | |
| Original cataloging agency | Ahmadu Bello University Library - Zaria |
| 100 ## - MAIN ENTRY--PERSONAL NAME | |
| Personal name | Krystyna M. Kubisz |
| 245 #0 - TITLE STATEMENT | |
| Title | Rural Women: an Annotated bibliography prepared |
| Statement of responsibility, etc. | COMMONWEALTH AGRICULTURAL BUREAUX INTERNATIONAL |
| 260 ## - PUBLICATION, DISTRIBUTION, ETC. | |
| Name of publisher, distributor, etc. | Wallingford |
| Date of publication, distribution, etc. | 1992 |
| 300 ## - PHYSICAL DESCRIPTION | |
| Extent | 12907 |
| 500 ## - GENERAL NOTE | |
| General note | Rural Women: an annoted bibilography Prepared from the CAB Abstracts Database/ edited by Krystyna M. Kubissz |
No items available.